| 000 | 003610000a22001330004500 | ||
|---|---|---|---|
| 020 | _a84-7082-101-6 | ||
| 041 | 0 | _aSPA | |
| 082 | 0 | 4 | _aG 938 H172n |
| 100 | 1 | _aHeródoto de Halicarnaso | |
| 245 | 1 | 0 | _aLos nueve libros de la historia / Heródoto de Halicarnaso ; P. Bartolomé Pou, Traductor |
| 260 | _aBarcelona, España : Iberia | ||
| 001 | 11428 | ||
| 942 | _cBK | ||
| 999 |
_c40737 _d40737 |
||